Statistics for NBA 3-Point Leaders 2017-2018

Click here to take the quiz!

General Stats

  • This quiz has been taken 31 times
  • The average score is 30 of 50

Answer Stats

TeamPlayer3 Pointers Made% Correct
HOUJames Harden265
100%
OKCPaul George244
100%
CHAKemba Walker231
96%
TORKyle Lowry238
96%
GSWStephen Curry212
96%
WASBradley Beal199
92%
PORDamian Lillard227
92%
GSWKlay Thompson229
92%
HOUChris Paul144
88%
PHXDevin Booker147
88%
UTADonovan Mitchell187
88%
HOUEric Gordon218
84%
PORCJ McCollum189
80%
PHIJJ Redick193
80%
GSWKevin Durant173
80%
HOUTrevor Ariza170
80%
UTAJoe Ingles204
76%
CLELeBron James149
76%
OKCCarmelo Anthony169
72%
BOSKyrie Irving166
72%
DENGary Harris156
68%
BKNJoe Harris150
68%
LACTobias Harris183
68%
CHIJustin Holiday161
64%
PHIRobert Covington203
64%
MILKhris Middleton146
60%
LACLou Williams186
60%
BOSTerry Rozier153
60%
INDVictor Oladipo161
60%
PHIDario Saric157
56%
DENJamal Murray165
56%
LALKentavious Caldwell-Pope159
52%
CLEKyle Korver164
52%
LALKyle Kuzma159
52%
INDBojan Bogdanovic155
44%
CHILauri Markkanen145
44%
SASPatty Mills154
44%
DALWesley Matthews153
44%
SACBuddy Hield176
40%
MIAWayne Ellington227
40%
PHIMarco Belinelli149
32%
ATLTaurean Prince176
32%
DENWill Barton156
32%
TORCJ Miles164
28%
BKNAllen Crabbe201
24%
BKNDeMarre Carroll145
16%
CHIDenzel Valentine143
16%
NOPDarius Miller147
12%
PHXTroy Daniels183
8%
DETAnthony Tolliver159
4%

Score Distribution

Percentile by Number Answered

Percent of People with Each Score

Your Score History

You have not taken this quiz